000 00801nam a2200217Ia 4500
003 GCL
008 140319s9999 xx 000 0 ara d
020 _a558510977
040 _aGCL /
_cGCL
082 0 4 _a001.5
_bع ا
100 1 _aعاطف عدلى العبد
245 1 0 _aالاسلوب الاحصائى واستخداماتة فى بحوث الراى العام والاعلام :
_bالدراسات الميدانية- تحليل المحتوى- العينات /
_cعاطف عدلى العبد
700 1 _aزكى احمد عزمى
260 _aالقاهرة :
_bدار الفكر العربى ،
_c1993
300 _a300 ص ؛
_c24 سم
490 _a
650 0 4 _aالاعلام
650 0 4 _aالطرق الاحصائية
650 0 4 _aالراى العام
942 _2ddc
_cBK
999 _c33218
_d33218